Повышение полноты и качества извлечения руд при подземной разработке: [сборник]

Detaylı Bibliyografya
Müşterek Yazar: Академия наук Киргизской ССР Институт физики и механики горных пород
Dil:Rusça
Baskı/Yayın Bilgisi: Фрунзе, Илим, 1973
Konular:
Materyal Türü: Kitap
KOHA link:https://koha.lib.tpu.ru/cgi-bin/koha/opac-detail.pl?biblionumber=125401

MARC

LEADER 00000nam0a2200000 4500
001 125401
005 20231031131338.0
035 |a (RuTPU)RU\TPU\book\135700 
090 |a 125401 
100 |a 20071115d1973 km y0rusy50 ca 
101 0 |a rus 
102 |a KG 
105 |a a z 001zy 
200 1 |a Повышение полноты и качества извлечения руд при подземной разработке  |e [сборник]  |f Академия наук Киргизской ССР, Институт физики и механики горных пород 
210 |a Фрунзе  |c Илим  |d 1973 
215 |a 90 с.  |c ил. 
320 |a Библиография в конце статей 
610 1 |a полнота 
610 1 |a качество 
610 1 |a извлечение 
610 1 |a руды 
610 1 |a подземная разработка 
610 1 |a сборники 
610 1 |a полезные ископаемые 
610 1 |a повышение 
675 |a 622.34.02  |v 3 
712 0 2 |a Академия наук Киргизской ССР  |b Институт физики и механики горных пород  |2 stltpush  |3 (RuTPU)RU\TPU\col\12429 
801 1 |a RU  |b 63413507  |c 20071115  |g PSBO 
801 2 |a RU  |b 63413507  |c 20091119  |g PSBO 
942 |c BK